Modern concepts on water resources (Record no. 1335)

000 -LEADER
fixed length control field 00600nam a22002177a 4500
001 - CONTROL NUMBER
control field 1335
003 - CONTROL NUMBER IDENTIFIER
control field BD-DhUET
008 - FIXED-LENGTH DATA ELEMENTS--GENERAL INFORMATION
fixed length control field 140903b xxu||||| |||| 00| 0 eng d
020 ## - INTERNATIONAL STANDARD BOOK NUMBER
International Standard Book Number 9848090309
040 ## - CATALOGING SOURCE
Original cataloging agency 0
Transcribing agency 0
Modifying agency BD-DhUET
082 ## - DEWEY DECIMAL CLASSIFICATION NUMBER
Classification number 628.16068095492
Item number FAI/2007
100 ## - MAIN ENTRY--PERSONAL NAME
Personal name Faisal Hossain
245 ## - TITLE STATEMENT
Title Modern concepts on water resources
Statement of responsibility, etc. by Faisal Hossain,Md. Delawer Hossain
250 ## - EDITION STATEMENT
Edition statement Ist ed.
260 ## - PUBLICATION, DISTRIBUTION, ETC. (IMPRINT)
Place of publication, distribution, etc. Dhaka
Name of publisher, distributor, etc. UGC,
Date of publication, distribution, etc. 2007
300 ## - PHYSICAL DESCRIPTION
Extent xv,222p.
504 ## - BIBLIOGRAPHY, ETC. NOTE
Bibliography, etc Includes bibliographies
650 #0 - SUBJECT ADDED ENTRY--TOPICAL TERM
Topical term or geographic name as entry element Water resources management
Geographic subdivision Bangladesh
700 ## - ADDED ENTRY--PERSONAL NAME
Personal name Delawer Hossain, Md.
942 ## - ADDED ENTRY ELEMENTS (KOHA)
Koha item type General Book
Holdings
Copy number Koha normalized classification for sorting Withdrawn status Koha date last seen Date acquired Location (home branch) Lost status Shelving location Damaged status Not for loan Source of classification or shelving scheme Koha full call number Koha item type Piece designation (barcode) Sublocation or collection (holding branch) Price effective from
1628_160680954920000_FAI_2007 2014-09-032014-09-03Central Library, BUET Circulation section   628.16068095492/FAI/2007General Book103500Central Library, BUET2014-09-03
2628_160680954920000_FAI_2007 2014-09-032014-09-03Central Library, BUET Circulation section   628.16068095492/FAI/2007General Book103501Central Library, BUET2014-09-03
3628_160680954920000_FAI_2007 2014-09-032014-09-03Central Library, BUET Circulation section   628.16068095492/FAI/2007General Book103502Central Library, BUET2014-09-03
4628_160680954920000_FAI_2007 2014-09-032014-09-03Central Library, BUET Circulation section   628.16068095492/FAI/2007General Book103503Central Library, BUET2014-09-03
5628_160680954920000_FAI_2007 2014-09-032014-09-03Central Library, BUET Circulation section   628.16068095492/FAI/2007General Book103504Central Library, BUET2014-09-03
6628_160680954920000_FAI_2007 2014-09-032014-09-03Central Library, BUET Circulation section   628.16068095492/FAI/2007General Book103505Central Library, BUET2014-09-03
7628_000000000000000_1606809549 2014-09-032014-09-03Central Library, BUET Circulation section   628.16068095492/FAI/2007General Book103506Central Library, BUET2014-09-03
8628_000000000000000_1606809549 2014-09-032014-09-03Central Library, BUET Circulation section   628.16068095492/FAI/2007General Book103507Central Library, BUET2014-09-03
9628_160680954920000_FAI_2007 2014-09-032014-09-03Central Library, BUET Circulation section   628.16068095492/FAI/2007General Book103508Central Library, BUET2014-09-03
10628_000000000000000_1606809549 2014-09-032014-09-03Central Library, BUET Circulation section   628.16068095492/FAI/2007General Book103509Central Library, BUET2014-09-03
11628_160680954920000_FAI_2007 2016-07-262016-07-26Central Library, BUET Circulation section   628.16068095492/FAI/2007General Book114242Central Library, BUET2016-07-26
12628_160680954920000_FAI_2007 2016-07-262016-07-26Central Library, BUET Circulation section   628.16068095492/FAI/2007General Book114243Central Library, BUET2016-07-26